Регионална библиотека "Любен Каравелов" - Русе

Сваленик (Запис номер 149726)

MARC детайли
000 -Лидер
Контролно поле с фиксирана дължина 01437nam a2200421 c 4500
003 - Код на организацията, давaща контролен номер
Контролно поле BLK
005 - Дата и час на последна редакция
Контролно поле 20220511160947.0
008 - Елементи от данни с фиксирана дължина
fixed length control field 180410b bul|||||r ||||||| ||bul||
010 ## - Наследен системен номер
LC control number KNG00156026000
040 ## - Източник на каталожния запис
Идентификатор на билиотеката - собственик на записа BLK
041 ## - Код за език
Код за езика на текст/звукозапис или на отделно заглавие Български
Код за езика КДБФ Български
072 #7 - Код за тематичната категория
Код организация bullib
Код за тематична категория К
Текст Краезнание
072 #7 - Код за тематичната категория
Код организация bullib
Код за тематична категория Я
Текст Автографи
080 ## - УДК
Текстов определител УДК Краезнание
УДК код - определител по УДК 908
УДК определител (497.21-22)
УДК - код + определител 908(497.21-22)
100 1# - Редна дума - Автор
Автор Камбуров, Петър Трифонов
Авторска отговорност първи автор
R(LIN) 330640
139 ## - Редно поле
Редна дума Камбуров, Петър Трифонов
Авторски знак Камб - К 22
245 10 - Сведения за заглавието
Заглавие Сваленик
Подзаглавни данни [Ист. очерк]
Редно поле (дума) Петър Трифонов Камбуров.
257 ## - Страна на издаване
Страна на създаване/издаване България
260 ## - Област на издателските данни
Име на издателя, разпространителя и проч. ОФ
Година на издаване 1989
300 ## - Физическа характеристика
Страници 180 с.
Илюстрации и др. ил., 8 л. ил.
Размери/Мащаб 20 см
380 ## - Жанр
Жанр История
490 1# - СЕРИИ (Колекции)
Име на серия Библиотека Роден край
500 ## - Общи забележки
Забележка 3 100 тир. - Библиогр. с. 176-177 и под линия.
650 #4 - Допълнително описание по предмет – тема
Основно описание – тема или топоним Села - България - история
9 (RLIN) 243048
651 #4 - Допълнително описание по предмет - топоним
Географско понятие България
9 (RLIN) 241624
651 #4 - Допълнително описание по предмет - топоним
Географско понятие Сваленик
9 (RLIN) 179496
651 #4 - Допълнително описание по предмет - топоним
Географско понятие Русенско
9 (RLIN) 179464
653 ## - Ключова дума – ненормативна
Ключова дума села
653 ## - Ключова дума – ненормативна
Ключова дума история
653 ## - Ключова дума – ненормативна
Ключова дума Сваленик
659 ## - Тематичен бюлетин
Тематичен бюлетин К
659 ## - Тематичен бюлетин
Тематичен бюлетин Я
852 ## - Местоположение
Форматна сигнатура Цб 159226
852 ## - Местоположение
Форматна сигнатура К 908(497.2)/К 22 П
852 ## - Местоположение
Форматна сигнатура К 908(497.2)/К 22
856 4# - Електронен адрес и достъп
Електронен формат pdf - файл
856 4# - Електронен адрес и достъп
Електронен формат pdf - файл
999 ## - СИСТЕМНИ КОНТРОЛНИ НОМЕРА
Koha biblionumber 149726
Koha biblioitemnumber 149726
942 ## - АРТИКУЛИ
Вид на библиотечния материал Книги
Скрит в OPAC Не
Периодичен библиозапис Да
Koha issues (borrowed), all copies 1
944 ## - СЪЗДАВАНЕ И РЕДАКЦИЯ на ЗАПИСА
Създаване/Редакция Създаване
Дата на регистрацията/редакция 24.01.2014
Статус, дата на статуса / 24.01.2014
Служител, извършил регистрацията/редакцията Валя_Йорданова
944 ## - СЪЗДАВАНЕ И РЕДАКЦИЯ на ЗАПИСА
Създаване/Редакция Редакция
Дата на регистрацията/редакция 22.06.2017
Статус, дата на статуса / 24.01.2014
Служител, извършил регистрацията/редакцията Виолета_Тройчева
999 ## - СИСТЕМНИ КОНТРОЛНИ НОМЕРА
Koha biblioitemnumber 149726
999 ## - СИСТЕМНИ КОНТРОЛНИ НОМЕРА
Koha biblioitemnumber 149726
Наличности
Код за отписване Код за изгубен артикул Източник на класификационната схема Код за повреда Коз за рестрикции Код за отдаване Артикулен № Име на библиотеката - собственик Име на библиотеката, в която се намира в момента Статус (Текущо местоположение) Дата на вписване в системата Местоположение - отдел Цена в лева Инвентарен номер Систематично азбучна сигнатура Баркод Номер на екземпляра Цена в евро Служебна бележка Служебен тип на артикула Номерация (Хронология)
  Не е изгубен Universal Decimal Classification Не е повреден без рестрикции ползва се в читалня 250116 Регионална библиотека "Любен Каравелов" Русе Регионална библиотека "Любен Каравелов" Русе Хранилище 1989-01-01 Хранилище 1.30 521266 Цб 159226 120000521266 1 0.66 Дост: Dp Вид: Д N: Сф Дата: 01.01.1989 Книги  
  Не е изгубен Universal Decimal Classification Не е повреден без рестрикции ползва се в читалня 250117 Регионална библиотека "Любен Каравелов" Русе Регионална библиотека "Любен Каравелов" Русе Краезнание 1989-01-01 Краезнание 1.30 641254 К 908(497.2)/К 22 П 120000641254 2 0.66 N: Сф Дата: 01.01.1989 Дата инв: 16.11.2017 Бележки инв: К2017 Книги Автограф: Петър Камбуров
  Не е изгубен Universal Decimal Classification Не е повреден без рестрикции ползва се в читалня 250118 Регионална библиотека "Любен Каравелов" Русе Регионална библиотека "Любен Каравелов" Русе Краезнание 1989-01-01 Краезнание 1.30 641255 К 908(497.2)/К 22 П 120000641255 3 0.66 N: Сф Дата: 01.01.1989 Дата инв: 06.11.2017 Бележки инв: К2017 Книги Автограф: Петър Камбуров
Vip Innovations Ltd, Rousse, Bulgaria 2025